El pensamiento vivo del general San Martín
Uloženo v:
| Hlavní autor: | |
|---|---|
| Médium: | Kniha |
| Jazyk: | španělština |
| Vydáno: |
Buenos Aires
Losada
1950
|
| Vydání: | 2a. ed |
| Edice: | Biblioteca del Pensamiento Vivo, 34
|
| Témata: | |
| Tagy: |
Přidat tag
Žádné tagy, Buďte první, kdo vytvoří štítek k tomuto záznamu!
|
MARC
| LEADER | 00000nam a2200000 a 4500 | ||
|---|---|---|---|
| 001 | UCI5344 | ||
| 003 | CL-VaPUC | ||
| 008 | 080320e19500000AG |||||||||||||||||spa|d | ||
| 082 | 0 | 4 | |a 980.02 |b CAP |2 21 |
| 100 | 0 | |a Capdevila, Arturo |e author |9 527661 | |
| 245 | 1 | 3 | |a El pensamiento vivo del general San Martín |
| 250 | |a 2a. ed | ||
| 300 | |a 153 p | ||
| 942 | |c BK | ||
| 945 | |d 20080320 00:00:00 |a jtorresc | ||
| 260 | |a Buenos Aires |b Losada |c 1950 | ||
| 650 | 7 | |a GUERRAS DE LA INDEPENDENCIA |2 CL-VaPUC |9 521356 | |
| 650 | 0 | |a Historiografía |9 257871 | |
| 650 | 0 | |a Correspondencia |9 258963 | |
| 650 | 0 | |a Historia de América |9 266076 | |
| 651 | 0 | |a América del Sur |9 260128 | |
| 583 | |a last modification |c 20080320 00:00:00 |k Rodrigo Vera | ||
| 490 | 0 | |a Biblioteca del Pensamiento Vivo, 34 | |
| 999 | |c 329097 |d 329095 | ||
| 952 | |0 0 |1 0 |4 0 |6 980_020000000000000_CAP_1950 |7 0 |8 A |9 413419 |a BIBHIS |b BIBHIS |d 2019-11-22 |i 4417143 |o 980.02 CAP 1950 |p 4417143 |r 2025-01-20 |w 2019-11-22 |y BK |k HIS | ||